| 000 | 00847nam a22001577a 4500 | ||
|---|---|---|---|
| 003 | OSt | ||
| 005 | 20151003155245.0 | ||
| 008 | 151003b xxu||||| |||| 00| 0 eng d | ||
| 040 | _cRUA | ||
| 082 | _aAVM LEN 2002 B072 Or.1 | ||
| 100 |
_91928 _aLENG, MONIROATH. |
||
| 245 | _a Effect of suppkementation of methionine lysine and vitamin c on drowth rate of betagro chicken in the research station of RUA, ប្រសិទ្ធភាពនៃការបន្ថែមមេត្យូនីន លីស៊ីន និងវិតាមីនសេ ក្នុងចំណីលើការលូតលាស់របស់មាន់សាច់ពូជបេតាក្រូ នៅស្ថានីយ៏ពិសោធន៏ ស វ ភ ក | ||
| 260 |
_aPhnom Penh _bRUA _c2002 |
||
| 300 |
_aviii; 36p. _bill. _c29cm. |
||
| 942 |
_2ddc _cAVM |
||
| 999 |
_c1824 _d1824 |
||